LEADER 01194nam0-22003491i-450- 001 990002060400403321 005 20130315150410.0 010 $a0-9586085-0-4 035 $a000206040 035 $aFED01000206040 035 $a(Aleph)000206040FED01 035 $a000206040 100 $a20030910d1998----km-y0itay50------ba 101 0 $aeng 200 1 $aIs the biodiversity tail wagging the zoological dog?$fed. by Daniel Lunney, Terry Dawson and C. R. Dickman 210 $aMosman$cRoyal Zoological Society of New South Wales$d1998 215 $a75 p.$d30 cm 225 1 $aTransactions of the Royal Zoological Society of New South Wales 300 $aLeg. a : Ethics, money and politics / ed. by Daniel Lunney 610 0 $aZoologia$aBiodiversità 676 $a590.7 701 1$aDickman,$bChris R.$087925 701 1$aLunney,$bDaniel$087924 702 1$aDawson,$bTerry 712 02$aRoyal Zoological Society of New South Wales 801 0$aIT$bUNINA$gRICA$2UNIMARC 901 $aBK 912 $a990002060400403321 952 $a61 II B.6/67.1$b7500 (12/4/99)$fDAGEN 959 $aDAGEN 996 $aIs the biodiversity tail wagging the zoological dog$9393172 997 $aUNINA LEADER 01198nam2-2200349---450- 001 990003342850203316 005 20091102123714.0 010 $a0-444-86207-2 035 $a000334285 035 $aUSA01000334285 035 $a(ALEPH)000334285USA01 035 $a000334285 100 $a20091102d1981----km-y0itay0103----ba 101 $aeng 102 $aGB 105 $a||||||||001yy 200 1 $aNuclear and conuclear spaces$eintroductory course on nuclear and conuclear spaces in the light of the duality "topology-bornology"$fHenri Hogbe-Nlend and vincenzo Bruno Moscatelli 210 $aAmsterdam$cNorth-Holland publishing$d1981 215 $aX, 275 p.$cill.$d24 cm 225 2$aNorth-Holland mathematics studies$enotas de matemática$v79 410 1$1001000334243$12001$aNorth-Holland mathematics studies. Notas de matemática$v79 606 0$aMatematica 676 $a510 700 1$aHOGBE-NLEND,$bHenri$058908 801 0$aIT$bsalbc$gISBD 912 $a990003342850203316 951 $a510 NM (79)$b6466/CBS$c510$d00111490 959 $aBK 969 $aSCI 979 $aRSIAV6$b90$c20091102$lUSA01$h1237 996 $aNuclear and Conuclear Spaces$9384099 997 $aUNISA